[Event "VIII Torneo Int. Ciudad de Las Palmas"]
[Site "Las Palmas"]
[Date "1979.08.06"]
[Round "10"]
[White "Betancort Curbelo, Juan Rafael"]
[Black "Sanz Alonso, Francisco Javier"]
[Result "1/2-1/2"]
[WhiteElo "2350"]
[BlackElo "2390"]
[PlyCount "149"]
[EventDate "1979.??.??"]

1. d4 Nf6 2. c4 e6 3. Nc3 Bb4 4. Qc2 c5 5. dxc5 O-O 6. e3 Na6 7. Bd2 Nxc5 8.
Nf3 b6 9. Be2 Bb7 10. O-O Nce4 11. Nxe4 Bxe4 12. Qa4 Be7 13. Rfd1 Qc7 14. Rac1
Rfd8 15. Bc3 Qb7 16. b4 d6 17. Bd4 Nd7 18. Qb3 a6 19. Qb2 e5 20. Bc3 b5 21.
cxb5 axb5 22. Qb3 Rdc8 23. a3 Bc6 24. Bb2 Nb6 25. e4 Na4 26. Nd2 Bg5 27. Rc2
Nxb2 28. Rxb2 d5 29. Nf3 Bf6 30. exd5 Bd7 31. Rbb1 Qa7 32. Rbc1 e4 33. Nd2 Rxc1
34. Rxc1 Bg5 35. Rc2 e3 36. fxe3 Bxe3+ 37. Kf1 Qd4 38. Qb2 Qxd5 39. Nf3 Re8 40.
Qc3 Bb6 41. Rd2 Qe6 42. Bd3 Rc8 43. Qe5 Qxe5 44. Nxe5 Be8 45. Rc2 Rxc2 46. Bxc2
f6 47. Nd3 Bd4 48. Bb3+ Kf8 49. Ke2 Ke7 50. Bd5 f5 51. Kd2 Kd6 52. Bf3 g5 53.
h3 h5 54. Kc2 Bf7 55. Be2 Be8 56. Ne1 g4 57. hxg4 fxg4 58. Nd3 Bd7 59. Nf4 h4
60. Kd3 Bb2 61. Ke4 Bxa3 62. Nd3 g3 63. Kf3 Kd5 64. Nf4+ Kd4 65. Ng6 Bc6+ 66.
Kg4 Ke3 67. Ne5 Be8 68. Bf3 Bxb4 69. Kxh4 Bd6 70. Bc6 Bxc6 71. Nxc6 Kd3 72. Kg4
Kc3 73. Na7 Kc4 74. Kf3 b4 75. Nc6 1/2-1/2

[Event "VIII Torneo Int. Ciudad de Las Palmas"]
[Site "Las Palmas"]
[Date "1979.08.06"]
[Round "10"]
[White "Csom, Istvan"]
[Black "Geller, Efim P"]
[Result "1/2-1/2"]
[WhiteElo "2510"]
[BlackElo "2550"]
[PlyCount "46"]
[EventDate "1979.??.??"]

1. Nf3 d5 2. g3 Nf6 3. Bg2 c6 4. b3 Bg4 5. Bb2 Nbd7 6. d4 e6 7. O-O a5 8. c4 a4
9. Nbd2 axb3 10. axb3 Bb4 11. h3 Bh5 12. Rxa8 Qxa8 13. Qa1 O-O 14. e3 Bg6 15.
Rc1 Nb6 16. c5 Nbd7 17. Bf1 Rb8 18. Be2 h6 19. Bd1 Bd3 20. Qxa8 Rxa8 21. Ra1
Rxa1 22. Bxa1 Ne4 23. Ne1 Bb5 1/2-1/2

[Event "VIII Torneo Int. Ciudad de Las Palmas"]
[Site "Las Palmas"]
[Date "1979.08.06"]
[Round "10"]
[White "Fernandez Garcia, Jose Luis"]
[Black "Vaganian, Rafael"]
[Result "0-1"]
[WhiteElo "2340"]
[BlackElo "2570"]
[PlyCount "80"]
[EventDate "1979.??.??"]

1. e4 e6 2. d4 d5 3. Nd2 Nc6 4. Ngf3 Nf6 5. e5 Nd7 6. Be2 f6 7. exf6 Qxf6 8.
Nf1 Bd6 9. Ne3 O-O 10. O-O Qg6 11. c4 Nf6 12. Nh4 Qe4 13. Nf3 Qg6 14. Nh4 Qf7
15. f4 dxc4 16. Bxc4 Ne7 17. Nef5 Nfd5 18. Nxd6 cxd6 19. Nf3 h6 20. Qe2 Bd7 21.
Bd2 Rae8 22. Rae1 Ng6 23. f5 exf5 24. Qd3 Bc6 25. Qa3 Rd8 26. Re2 Kh8 27. Rfe1
b5 28. Bb3 Qb7 29. Bd1 a5 30. Re6 b4 31. Qb3 Nf6 32. Ng5 hxg5 33. Qh3+ Kg8 34.
Qxf5 Nf4 35. Re7 Rd7 36. Bb3+ Bd5 37. Rxd7 Nxd7 38. Qxg5 a4 39. Bxf4 axb3 40.
axb3 Rf6 0-1

[Event "VIII Torneo Int. Ciudad de Las Palmas"]
[Site "Las Palmas"]
[Date "1979.08.06"]
[Round "10"]
[White "Garcia Gonzales, Guillermo"]
[Black "Garriga Nualart, Josep"]
[Result "1-0"]
[WhiteElo "2490"]
[BlackElo "2300"]
[PlyCount "79"]
[EventDate "1979.??.??"]

1. d4 Nf6 2. c4 g6 3. Nc3 Bg7 4. e4 d6 5. Be2 O-O 6. Nf3 e5 7. O-O Nbd7 8. Qc2
c6 9. Rd1 Re8 10. dxe5 dxe5 11. Be3 Qc7 12. h3 Bf8 13. Na4 b6 14. Nd2 Bb7 15.
a3 Rad8 16. b4 Be7 17. c5 b5 18. Nc3 a5 19. Nb3 a4 20. Na5 Ba8 21. Bxb5 Bxc5
22. Bxc5 Nxc5 23. Bxa4 Ne6 24. Ne2 Rxd1+ 25. Rxd1 Rc8 26. Bb3 Qe7 27. Nc4 Nd7
28. Rxd7 Qxd7 29. Nb6 Qe8 30. Bxe6 Qxe6 31. Nxc8 Qxc8 32. Nc1 c5 33. Nb3 Qa6
34. Nxc5 Qxa3 35. Qd2 Kg7 36. Kh2 Qa1 37. Qd6 Qb2 38. Nd7 Kh6 39. Qf8+ Kg5 40.
h4+ 1-0

[Event "VIII Torneo Int. Ciudad de Las Palmas"]
[Site "Las Palmas"]
[Date "1979.08.06"]
[Round "10"]
[White "Ivkov, Borislav"]
[Black "Dominguez Sanz, Juan Pedro"]
[Result "1-0"]
[WhiteElo "2525"]
[BlackElo "2275"]
[PlyCount "81"]
[EventDate "1979.??.??"]

1. Nf3 Nf6 2. c4 c5 3. Nc3 g6 4. d4 cxd4 5. Nxd4 Bg7 6. e4 d6 7. Be2 Bd7 8. Be3
Nc6 9. O-O O-O 10. Rc1 Rc8 11. Qd2 Re8 12. Rfd1 Ne5 13. b3 Neg4 14. Bg5 h6 15.
Bh4 g5 16. Bg3 Nh5 17. Bxg4 Bxg4 18. f3 Bd7 19. Bf2 Be5 20. Nde2 b6 21. Bd4 Bc6
22. a4 e6 23. Bxe5 dxe5 24. Qxd8 Rexd8 25. Nb5 Bxb5 26. axb5 Kf8 27. Ra1 Rxd1+
28. Rxd1 Ke7 29. Kf2 Nf6 30. Ra1 Rc7 31. Nc1 Rd7 32. Ke3 g4 33. Nd3 Kd6 34. b4
Rc7 35. c5+ bxc5 36. bxc5+ Ke7 37. Nxe5 gxf3 38. gxf3 Rxc5 39. Rxa7+ Ke8 40.
Rxf7 Ng8 41. Rf8+ 1-0

[Event "VIII Torneo Int. Ciudad de Las Palmas"]
[Site "Las Palmas"]
[Date "1979.08.06"]
[Round "10"]
[White "Rodriguez Vargas, Orestes"]
[Black "Rivas Pastor, Manuel"]
[Result "1/2-1/2"]
[WhiteElo "2495"]
[BlackElo "2365"]
[PlyCount "166"]
[EventDate "1979.??.??"]

1. d4 d5 2. Nf3 Bf5 3. c4 e6 4. Qb3 Nc6 5. c5 Rb8 6. Bf4 Nge7 7. e3 a6 8. Nc3
Ng6 9. Bg3 Be7 10. Be2 O-O 11. O-O Qd7 12. a3 b6 13. cxb6 Rxb6 14. Qa2 a5 15.
Na4 Rb7 16. Ba6 Ra7 17. Bb5 Rb8 18. Nc3 Rab7 19. a4 Qd8 20. Nxd5 Bd6 21. Bxc6
Rxb2 22. Qc4 Rc2 23. Nc3 Rb4 24. Qa6 Rxc3 25. Bb5 Bxg3 26. hxg3 c6 27. Rfc1
Rxc1+ 28. Rxc1 Ne7 29. Bxc6 Qc7 30. Rc5 Rb1+ 31. Kh2 Rb6 32. Bb5 Qxc5 33. dxc5
Rxa6 34. Bxa6 Be4 35. Nd4 e5 36. Nb3 Bc2 37. Nxa5 Bxa4 38. Bb7 Kf8 39. g4 Ke8
40. Be4 g6 41. g5 Kd7 42. Bb1 Ke6 43. e4 f5 44. Ba2+ Kd7 45. Nc4 Kc6 46. exf5
Nxf5 47. Nxe5+ Kxc5 48. Bg8 Kd4 49. f4 Ke4 50. g3 h6 51. gxh6 Nxh6 52. Bh7 Be8
53. Nxg6 Bd7 54. Ne5+ Bf5 55. Bxf5+ Nxf5 56. Kh3 Ne3 57. Nf7 Nd5 58. Nd6+ Kf3
59. f5 Nf6 60. Kh4 Nh7 61. Nf7 Nf6 62. Ng5+ Ke3 63. g4 Kf4 64. Ne6+ Ke5 65. Ng7
Ne4 66. Nh5 Nd2 67. Kg5 Nf3+ 68. Kh6 Nh2 69. g5 Kxf5 70. Ng3+ Ke6 71. Kh7 Ng4
72. g6 Nf6+ 73. Kg7 Ne8+ 74. Kh6 Ke7 75. Ne4 Ke6 76. Ng3 Ke7 77. Nh5 Kf8 78.
Kh7 Ke7 79. Nf4 Kf6 80. Kh6 Nd6 81. Nd5+ Ke5 82. Kh7 Ne8 83. Nc7 Nxc7 1/2-1/2

[Event "VIII Torneo Int. Ciudad de Las Palmas"]
[Site "Las Palmas"]
[Date "1979.08.06"]
[Round "10"]
[White "Tatai, Stefano"]
[Black "Suba, Mihai"]
[Result "0-1"]
[WhiteElo "2475"]
[BlackElo "2435"]
[PlyCount "122"]
[EventDate "1979.??.??"]

1. d4 Nf6 2. c4 e6 3. Nf3 c5 4. d5 exd5 5. cxd5 g6 6. Nc3 d6 7. e4 Bg7 8. Be2
a6 9. a4 Bg4 10. O-O O-O 11. h3 Bxf3 12. Bxf3 Nbd7 13. Bf4 Qc7 14. b3 Rfe8 15.
Rb1 Rab8 16. Qc2 Re7 17. Rfe1 Rbe8 18. Re3 Nb6 19. Nd1 Nfd7 20. b4 Bd4 21. Rd3
Ne5 22. Bxe5 Bxe5 23. bxc5 Nd7 24. c6 bxc6 25. Rdb3 Nc5 26. Rb6 cxd5 27. exd5
Bd4 28. g3 Re1+ 29. Kg2 Qe7 30. Rb8 Qf6 31. Qd2 R1e7 32. R8b4 Be5 33. Rb8 Nxa4
34. Ne3 h5 35. h4 Nc5 36. Nc4 Rxb8 37. Rxb8+ Kg7 38. Rb6 Rb7 39. Rc6 Rb3 40.
Qe2 Nd3 41. Be4 Nb4 42. Rb6 a5 43. Bf3 Rc3 44. Be4 Rxc4 45. Qxc4 Bd4 46. Rxb4
Qxf2+ 47. Kh3 axb4 48. Qxb4 Be5 49. Qb3 Qf1+ 50. Bg2 Qf5+ 51. Kh2 Qg4 52. Bh3
Qxh4 53. Kg2 Qe4+ 54. Qf3 Qxf3+ 55. Kxf3 f5 56. Bf1 g5 57. Bb5 g4+ 58. Kg2 Kf6
59. Bd7 Kg5 60. Be6 f4 61. gxf4+ Bxf4 0-1

[Event "VIII Torneo Int. Ciudad de Las Palmas"]
[Site "Las Palmas"]
[Date "1979.08.07"]
[Round "11"]
[White "Dominguez Sanz, Juan Pedro"]
[Black "Rodriguez Vargas, Orestes"]
[Result "0-1"]
[WhiteElo "2275"]
[BlackElo "2495"]
[Annotator "E. Solana"]
[PlyCount "62"]
[EventDate "1979.??.??"]

1. e4 c5 2. Nc3 Nc6 3. g3 g6 4. Bg2 Bg7 5. d3 d6 6. Nh3 {Marca de la casa.
Este era el desarrollo favorito de Domínguez en la Siciliana Cerrada.} e5 7.
O-O Nge7 8. f4 exf4 9. Bxf4 h6 10. Be3 O-O 11. Qd2 Kh7 ({Era interesante} 11...
g5 $5 $13 {[%csl Gf4,Rh3] , para privar al Ch3 de la excelente casilla "f4",
desde donde apunta al centro y al flanco de rey. La idea fue empleada
exitosamente en situación parecida por el GM cubano Guillermo García contra el
propio Domínguez, en la edición del Ciudad de Las Palmas del año siguiente.})
12. Nf4 {[%csl Gf4]} Ne5 13. h3 N7c6 14. Rf2 Rb8 15. a3 b5 16. Ncd5 a5 17. Raf1
{Las blancas han conseguido una posición sólida y armoniosa, orientada hacia
el flanco de rey. Una situación muy del gusto del bravo jugador canario.} b4
18. axb4 axb4 19. Kh2 b3 20. c3 Qa5 21. Ne2 Qa6 22. Nc1 $1 {[%cal Gd5f6] Tras
consolidar la posición central, ya se amenaza irrumpir en f6.
Imperceptiblemente -casi a partir de la nada-, las piezas blancas han ido
"envolviendo" la posición enemiga... El gran ajedrecista peruano percibe el
peligro y trata de complicar las cosas...} f5 {Abre la posición en el sector
donde las blancas son más fuertes, pero cuesta proponer buenas alternativas:} (
22... h5 23. Nf6+ Kh8 24. Bh6 $36 {[%cal Gd2g5,Gd3d4]}) (22... Be6 23. Nf6+
Bxf6 $8 24. Rxf6 $16 {[%csl Ge3,Rh7]}) 23. g4 $1 {Domínguez en estado puro.
Con este golpe contundente, cuestiona la última jugada negra y consigue una
fuerte iniciativa.} f4 24. Rxf4 Rxf4 25. Rxf4 g5 26. Rf1 $16 {Un sano peón de
más e iniciativa en el flanco de rey: ventaja prácticamente decisiva.} Kg6 {
En parte una celada psicológica. En situación crítica, el talentoso Orestes
-jugador experimentado- invita a precipitar las acciones con este atrevido
movimiento, que aparentemente refuerza g5...} 27. d4 $4 {Y funciona. Esta
jugada de apariencia tan natural es en realidad una omisión táctica que
malogra el excelente trabajo anterior de Domínguez. Una lástima, porque la
victoria habría colocado al canario con grandes opciones para la Norma de M.I.
Finalmente conseguiría la de M.F, también un logro muy meritorio, dado que
Juan Pedro -ajedrecista no profesional- hacía compatible el torneo con sus
obligaciones laborales. En justicia hay que decir que por entonces las
condiciones para acceder a titulaciones internacionales eran muy exigentes.} (
27. Kh1 $16 {[%csl Gh1] "Rey mesa", como me gustaba decir a mis alumnos en
estos casos... El Rey lo más lejos posible de la acción: un detalle importante
que a veces olvidamos en el fragor del ataque. Era característico de un gran
atacante como Kasparov el asegurar la posición de su monarca antes de golpear
la posición contraria.}) 27... Qxf1 $1 $19 {Y de repente todo ha terminado.
Así de "cruel" es nuestro juego: basta un solo error para que todo lo
construido pacientemente se desmorone. Profundizando en la naturaleza del
error, notemos que antes de 27.d4 la casilla f3 estaba doblemente defendida.
?Un caso de "imagen residual" en el cálculo? Más bien parece una inesperada
"serendipia", difícil de prever. La Dama negra estaba en apariencia muy lejos
del flanco de rey, y la diagonal a6-f1 obstruida por el peón en "d3"... El GM
y psicólogo Krogius empleaba el concepto de "imagen inerte": la atención se
adormece en situación favorable y se pierde el sentido del peligro.} ({
Seguramente Juan Pedro esperaba} 27... Nc4 28. Qf2 $18) 28. Nf4+ (28. Bxf1 Nf3+
) (28. dxe5 Bxe5+ 29. Bf4 Qxf4+ $1) 28... gxf4 29. dxe5 Bxe5 30. Nd3 fxe3+ 31.
Nxe5+ dxe5 0-1

[Event "VIII Torneo Int. Ciudad de Las Palmas"]
[Site "Las Palmas"]
[Date "1979.08.07"]
[Round "11"]
[White "Garcia Padron, Jose"]
[Black "Garcia Gonzales, Guillermo"]
[Result "0-1"]
[WhiteElo "2400"]
[BlackElo "2490"]
[PlyCount "90"]
[EventDate "1979.??.??"]

1. c4 e6 2. Nf3 c5 3. Nc3 Nf6 4. e3 d5 5. d4 cxd4 6. exd4 Bb4 7. Bd3 dxc4 8.
Bxc4 Nbd7 9. O-O O-O 10. Qe2 a6 11. a4 Nb6 12. Bb3 Nbd5 13. Bd2 Be7 14. Bg5 h6
15. Bh4 Re8 16. Rfd1 b6 17. Bxf6 Bxf6 18. Bxd5 exd5 19. Qd3 Qd6 20. Re1 Bg4 21.
Ne5 Bxe5 22. dxe5 Rxe5 23. Rxe5 Qxe5 24. Qxd5 Re8 25. h3 Bf5 26. Qb7 Bd3 27.
Rd1 Bc2 28. Ra1 a5 29. Qd7 Bb3 30. Rf1 f5 31. f4 Qc5+ 32. Kh2 Re6 33. Rd1 Kh7
34. Rd4 Rg6 35. Kh1 Bc4 36. Kh2 Bf1 37. g3 Bc4 38. h4 Re6 39. h5 Bb3 40. Kg2
Qf8 41. Qb5 Bc2 42. Qd5 Qf7 43. Qd7 Re7 44. Qd6 Bb3 45. Qxb6 Qxh5 0-1

[Event "VIII Torneo Int. Ciudad de Las Palmas"]
[Site "Las Palmas"]
[Date "1979.08.07"]
[Round "11"]
[White "Garriga Nualart, Josep"]
[Black "Csom, Istvan"]
[Result "1/2-1/2"]
[WhiteElo "2300"]
[BlackElo "2510"]
[PlyCount "86"]
[EventDate "1979.??.??"]

1. c4 Nf6 2. Nc3 c5 3. g3 e6 4. Bg2 a6 5. e3 Qc7 6. Nge2 d6 7. b3 Nbd7 8. O-O
Rb8 9. d3 b6 10. f4 Be7 11. f5 e5 12. h3 b5 13. g4 b4 14. g5 bxc3 15. gxf6 Nxf6
16. Nxc3 g6 17. e4 gxf5 18. exf5 Rg8 19. Kh1 Bb7 20. Be4 Qa5 21. Bxb7 Rxb7 22.
Bd2 Qc7 23. Qf3 Kd7 24. Rg1 Rbb8 25. Nd5 Nxd5 26. Qxd5 Qc6 27. Qe4 Bf6 28. Rxg8
Rxg8 29. Rg1 Qxe4+ 30. dxe4 Rb8 31. Ba5 Ke7 32. Kg2 Rg8+ 33. Kf1 Rxg1+ 34. Kxg1
Kd7 35. Kf2 Kc6 36. Bd2 h5 37. Ke2 Bh4 38. a3 Kb6 39. b4 Kc6 40. Kd3 Kb6 41.
Kc3 a5 42. bxa5+ Kxa5 43. Kb3+ Ka6 1/2-1/2

[Event "VIII Torneo Int. Ciudad de Las Palmas"]
[Site "Las Palmas"]
[Date "1979.08.07"]
[Round "11"]
[White "Geller, Efim P"]
[Black "Ivkov, Borislav"]
[Result "0-1"]
[WhiteElo "2550"]
[BlackElo "2525"]
[PlyCount "92"]
[EventDate "1979.??.??"]

1. e4 e5 2. Nf3 Nc6 3. Bb5 a6 4. Ba4 Nf6 5. O-O Be7 6. Re1 b5 7. Bb3 d6 8. c3
O-O 9. h3 Bb7 10. d4 Re8 11. Nbd2 Bf8 12. Bc2 g6 13. d5 Nb8 14. b3 c6 15. c4
Nbd7 16. a4 Qc7 17. Ba3 cxd5 18. cxd5 Rec8 19. Bd3 Nc5 20. Bf1 Qb6 21. Qe2 b4
22. Nc4 Qa7 23. Bxb4 Ncxe4 24. a5 Nxd5 25. Qxe4 Nxb4 26. Qb1 e4 27. Nh2 d5 28.
Nb6 Nc2 29. Rc1 Nxa1 30. Nxc8 Rxc8 31. Rxc8 Bxc8 32. Qxa1 e3 33. fxe3 Qxe3+ 34.
Kh1 Bc5 35. Nf3 Bxh3 36. b4 Bxb4 37. Qb2 Bc5 38. Qb8+ Kg7 39. Qb2+ d4 40. Qc2
Ba7 41. Qc7 d3 42. Qc3+ Kg8 43. Qxd3 Qxd3 44. Bxd3 Bc8 45. Ne5 Kf8 46. Bc4 f6
0-1

[Event "VIII Torneo Int. Ciudad de Las Palmas"]
[Site "Las Palmas"]
[Date "1979.08.07"]
[Round "11"]
[White "Rivas Pastor, Manuel"]
[Black "Fernandez Garcia, Jose Luis"]
[Result "1-0"]
[WhiteElo "2365"]
[BlackElo "2340"]
[PlyCount "141"]
[EventDate "1979.??.??"]

1. d4 d5 2. Nf3 Nc6 3. e3 Nf6 4. Be2 Bg4 5. Nbd2 e6 6. O-O Be7 7. b3 O-O 8. Bb2
a5 9. a3 Nd7 10. c4 f5 11. Ne1 Bxe2 12. Qxe2 Qe8 13. Nd3 Qf7 14. f3 Bf6 15. b4
axb4 16. axb4 Nb6 17. Rfc1 Na4 18. b5 Nxb2 19. Rxa8 Rxa8 20. bxc6 Nxd3 21. cxb7
Rb8 22. Qxd3 Rxb7 23. cxd5 exd5 24. Qxf5 Rb8 25. Rc5 Re8 26. Nf1 Rd8 27. Rc6
Re8 28. Qf4 Re7 29. Kf2 Rd7 30. Ng3 Bd8 31. Qxf7+ Kxf7 32. Ne2 Ke7 33. Nf4 Rd6
34. Rc5 c6 35. Nd3 Bb6 36. Rc2 Kd7 37. Ne5+ Kc7 38. g4 Kb7 39. f4 Bc7 40. Kg3
Re6 41. h4 h6 42. h5 Bxe5 43. fxe5 Re7 44. g5 hxg5 45. Kg4 Rf7 46. Kxg5 Rf3 47.
Rc3 Kc7 48. Kg6 Rh3 49. Ra3 Kd7 50. Ra7+ Ke6 51. Rc7 Rg3+ 52. Kh7 Rg5 53. Rxc6+
Kf7 54. h6 gxh6 55. Kxh6 Rg3 56. Rd6 Rxe3 57. Kg5 Re1 58. Rxd5 Rf1 59. Rb5 Ke6
60. Rb6+ Ke7 61. d5 Rg1+ 62. Kf5 Rf1+ 63. Ke4 Re1+ 64. Kd4 Rd1+ 65. Kc5 Rc1+
66. Kb5 Rb1+ 67. Ka6 Ra1+ 68. Kb7 Rd1 69. Re6+ Kf7 70. Rd6 Ke7 71. Kc7 1-0

[Event "VIII Torneo Int. Ciudad de Las Palmas"]
[Site "Las Palmas"]
[Date "1979.08.07"]
[Round "11"]
[White "Sanz Alonso, Francisco Javier"]
[Black "Bellon Lopez, Juan Manuel"]
[Result "0-1"]
[WhiteElo "2390"]
[BlackElo "2395"]
[PlyCount "74"]
[EventDate "1979.??.??"]

1. c4 c6 2. e4 d5 3. exd5 cxd5 4. d4 Nf6 5. Nc3 Nc6 6. Bg5 Qa5 7. Bxf6 exf6 8.
cxd5 Bb4 9. Qd2 Ne7 10. Bb5+ Kf8 11. Bc4 Bg4 12. d6 Nd5 13. Rc1 Rc8 14. Bxd5
Re8+ 15. Kf1 Qa6+ 16. Nge2 Rxe2 17. Qxe2 Bxe2+ 18. Nxe2 g6 19. h4 Kg7 20. d7
Rd8 21. h5 f5 22. Bc4 Qd6 23. h6+ Kf8 24. a3 Bd2 25. Rc2 Bg5 26. Bb5 Qd5 27.
Nc3 Qxd4 28. Re2 Be7 29. Rh3 a6 30. Rhe3 Qh4 31. Kg1 axb5 32. g3 Qg5 33. f4 Qg4
34. Rd3 b4 35. axb4 Bxb4 36. Re5 f6 37. Re6 Kf7 0-1

[Event "VIII Torneo Int. Ciudad de Las Palmas"]
[Site "Las Palmas"]
[Date "1979.08.07"]
[Round "11"]
[White "Suba, Mihai"]
[Black "Betancort Curbelo, Juan Rafael"]
[Result "1-0"]
[WhiteElo "2435"]
[BlackElo "2350"]
[PlyCount "85"]
[EventDate "1979.??.??"]

1. c4 Nf6 2. Nc3 e5 3. Nf3 d6 4. d4 exd4 5. Nxd4 Nc6 6. g3 Nxd4 7. Qxd4 Be7 8.
Bg2 O-O 9. b3 c6 10. Bb2 Qa5 11. O-O Re8 12. h3 Qh5 13. g4 Qh4 14. Ne4 d5 15.
cxd5 cxd5 16. Nd2 Qh6 17. Nf3 Nxg4 18. hxg4 Bf6 19. Qa4 Re4 20. Qa5 Rxg4 21.
Bxf6 gxf6 22. Qxd5 Kh8 23. Ne1 Be6 24. Qxb7 Rag8 25. f4 Qh5 26. Rd1 Qc5+ 27.
Rf2 Rg3 28. f5 Bc8 29. Qxf7 Qb6 30. e4 R3g7 31. Qc4 Bb7 32. Qd4 Qc6 33. Re2 h5
34. Qd6 Qc3 35. Qd2 Qc5+ 36. Qe3 Qc6 37. Nd3 Kh7 38. Nf4 Rg3 39. Qd4 h4 40.
Qd7+ Kh6 41. Qxc6 Bxc6 42. Kh2 R8g4 43. Rf2 1-0

[Event "VIII Torneo Int. Ciudad de Las Palmas"]
[Site "Las Palmas"]
[Date "1979.08.07"]
[Round "11"]
[White "Vaganian, Rafael"]
[Black "Tatai, Stefano"]
[Result "1-0"]
[WhiteElo "2570"]
[BlackElo "2475"]
[PlyCount "73"]
[EventDate "1979.??.??"]

1. d4 Nf6 2. c4 e6 3. Nf3 b6 4. a3 c5 5. d5 Ba6 6. Qc2 exd5 7. cxd5 d6 8. Nc3
Be7 9. g3 O-O 10. Bg2 Re8 11. O-O Bf8 12. Re1 Nbd7 13. b4 Ne5 14. Nxe5 Rxe5 15.
e4 g6 16. Bb2 Bg7 17. h3 Qd7 18. b5 Bb7 19. a4 Rae8 20. Re2 R5e7 21. Rae1 a6
22. Qd3 axb5 23. Nxb5 Ba6 24. f4 Nh5 25. e5 Bxb5 26. axb5 c4 27. Qf3 Qxb5 28.
Ba3 Rd7 29. Bxd6 Rxd6 30. exd6 Rd8 31. Kh1 Bf8 32. g4 Nf6 33. f5 g5 34. h4 h6
35. hxg5 hxg5 36. Qe3 Bh6 37. Qe7 1-0

[Event "VIII Torneo Int. Ciudad de Las Palmas"]
[Site "Las Palmas"]
[Date "1979.08.08"]
[Round "12"]
[White "Betancort Curbelo, Juan Rafael"]
[Black "Bellon Lopez, Juan Manuel"]
[Result "1/2-1/2"]
[WhiteElo "2350"]
[BlackElo "2395"]
[Annotator "E. Solana"]
[PlyCount "87"]
[EventDate "1979.??.??"]

1. c4 c6 2. d4 d5 3. e3 Nf6 4. Nc3 Bf5 5. Nf3 e6 6. Be2 dxc4 7. Bxc4 Nbd7 8.
O-O Nb6 9. Bb3 Bd6 10. Re1 Nbd5 11. Bc2 Bxc2 12. Qxc2 Nb4 13. Qe2 Qc7 14. e4 e5
15. a3 Na6 16. Bg5 Nd7 17. Rac1 f6 18. Bh4 Qd8 19. Bg3 Qe7 20. dxe5 Bxe5 21.
Nxe5 fxe5 22. Red1 Nac5 23. Rc2 O-O 24. Rcd2 Nb6 25. b4 Nb3 26. Rd3 a5 27. Qa2
(27. Qb2 $1 {[%csl Rb3,Rb6]} Nd4 (27... a4 28. Nxa4) (27... Qf7 28. bxa5 $18
Rxa5 29. Rb1) 28. Bxe5 $1 Nc4 29. Qa2 $16) 27... Qf7 28. bxa5 Nxa5 29. Qxf7+
Rxf7 30. Bxe5 Nac4 31. Rd8+ Rf8 32. Rxf8+ Kxf8 33. Bd4 Na4 34. Nxa4 Rxa4 35. f4
b6 36. Bc3 Ke7 37. Bxg7 Ne3 38. Rb1 Rxe4 39. Rxb6 Rxf4 40. h3 Rf1+ 41. Kh2 Kd6
42. g4 h5 43. Rb3 (43. gxh5 $142) 43... Rf3 $11 44. Rb4 1/2-1/2

[Event "VIII Torneo Int. Ciudad de Las Palmas"]
[Site "Las Palmas"]
[Date "1979.08.08"]
[Round "12"]
[White "Csom, Istvan"]
[Black "Garcia Padron, Jose"]
[Result "1-0"]
[WhiteElo "2510"]
[BlackElo "2400"]
[PlyCount "31"]
[EventDate "1979.??.??"]

1. d4 Nf6 2. c4 d6 3. Nc3 e5 4. Nf3 Nbd7 5. g3 g6 6. Bg2 Bg7 7. O-O O-O 8. e4
exd4 9. Nxd4 c6 10. h3 Re8 11. Re1 Nc5 12. Bf4 Qb6 13. Nb3 Nxb3 14. axb3 Rd8
15. Bxd6 Rd7 16. e5 1-0

[Event "VIII Torneo Int. Ciudad de Las Palmas"]
[Site "Las Palmas"]
[Date "1979.08.08"]
[Round "12"]
[White "Fernandez Garcia, Jose Luis"]
[Black "Dominguez Sanz, Juan Pedro"]
[Result "1-0"]
[WhiteElo "2340"]
[BlackElo "2275"]
[PlyCount "67"]
[EventDate "1979.??.??"]

1. e4 c6 2. d4 d5 3. Nc3 dxe4 4. Nxe4 Nf6 5. Nxf6+ gxf6 6. c3 Bf5 7. Ne2 h5 8.
Ng3 Bg4 9. Be2 Bxe2 10. Qxe2 h4 11. Ne4 e6 12. Bf4 f5 13. Nd2 Nd7 14. O-O-O Qa5
15. Kb1 O-O-O 16. Nf3 Be7 17. c4 Rhe8 18. Ng5 Rf8 19. Rd3 c5 20. Rhd1 cxd4 21.
Rxd4 e5 22. Rd5 Qc7 23. Nf3 f6 24. Be3 h3 25. g3 Rfe8 26. Qc2 f4 27. gxf4 exf4
28. Bc1 Ne5 29. Qf5+ Kb8 30. Bxf4 Rxd5 31. Rxd5 Qxc4 32. Nxe5 fxe5 33. Rxe5 Ka8
34. Rxe7 1-0

[Event "VIII Torneo Int. Ciudad de Las Palmas"]
[Site "Las Palmas"]
[Date "1979.08.08"]
[Round "12"]
[White "Garcia Gonzales, Guillermo"]
[Black "Sanz Alonso, Francisco Javier"]
[Result "1/2-1/2"]
[WhiteElo "2490"]
[BlackElo "2390"]
[PlyCount "81"]
[EventDate "1979.??.??"]

1. d4 Nf6 2. c4 e6 3. Nc3 Bb4 4. e3 b6 5. Bd3 Bb7 6. Nf3 Ne4 7. Qc2 f5 8. O-O
Bxc3 9. bxc3 O-O 10. Nd2 Qh4 11. f3 Nxd2 12. Bxd2 Nc6 13. Be1 Qe7 14. e4 g6 15.
Bf2 Ba6 16. Rfe1 Qf7 17. exf5 exf5 18. d5 Na5 19. c5 Bxd3 20. Qxd3 Rfe8 21. c4
Rxe1+ 22. Rxe1 Re8 23. Re2 Rxe2 24. Qxe2 Nb7 25. cxb6 axb6 26. Bd4 d6 27. Qe3
Kf8 28. h4 Qe7 29. Qh6+ Ke8 30. Bg7 Na5 31. Qxh7 Kd7 32. Kf1 Qf7 33. Qh8 Nxc4
34. Bh6 f4 35. Kg1 Ne3 36. Qd4 Nxd5 37. Qa4+ Kc8 38. Qa8+ Kd7 39. Qa4+ c6 40.
Qa7+ Ke6 41. Qa8 1/2-1/2

[Event "VIII Torneo Int. Ciudad de Las Palmas"]
[Site "Las Palmas"]
[Date "1979.08.08"]
[Round "12"]
[White "Ivkov, Borislav"]
[Black "Garriga Nualart, Josep"]
[Result "1-0"]
[WhiteElo "2525"]
[BlackElo "2300"]
[PlyCount "89"]
[EventDate "1979.??.??"]

1. d4 Nf6 2. c4 g6 3. Nc3 Bg7 4. e4 d6 5. Nf3 O-O 6. Be2 e5 7. Be3 Nc6 8. d5
Ne7 9. Nd2 c5 10. h4 h6 11. h5 g5 12. a3 a6 13. b4 b6 14. g4 Bd7 15. f3 Qc7 16.
Kf2 Rfb8 17. Bd3 Qc8 18. Qe2 Ne8 19. Rhb1 Bf6 20. Bc2 Ra7 21. Ba4 Rab7 22. Bxd7
Qxd7 23. Ra2 a5 24. Rab2 axb4 25. axb4 Nc8 26. Qd1 Be7 27. Nf1 Ra8 28. Ng3 Rba7
29. Nf5 Kh7 30. bxc5 bxc5 31. Rb8 Rxb8 32. Rxb8 Rb7 33. Rxb7 Qxb7 34. Qa4 Ng7
35. Qc6 Qxc6 36. dxc6 Bd8 37. Nxg7 Kxg7 38. Nd5 Ba5 39. Ke2 Nb6 40. c7 Nc8 41.
Kd3 Kf8 42. Kc2 Ke8 43. Kb3 Kd7 44. Bxg5 Bxc7 45. Bxh6 1-0